000 00283nam a22001337a 4500
008 181121b xxu||||| |||| 00| 0 eng d
020 _a9780395900802
041 _aeng
080 _26 TH
_a330
100 _a58
101 _aBIS
245 _aBusiness
_cKapoor.P
942 _2udc
_cBK
999 _c52300
_d52300